[Event "New West Summer op"]
[Site "New Westminster"]
[Date "2019.08.04"]
[Round "4.2"]
[White "Erichsen, Dan"]
[Black "Amerkeshev, Madiyar"]
[Result "0-1"]
[WhiteElo "2036"]
[BlackElo "1944"]
[PlyCount "106"]
[EventDate "2019.08.03"]
[EventType "swiss"]
[EventRounds "6"]
[EventCountry "CAN"]

1. e4 g6 2. d4 d6 3. Nc3 Bg7 4. Be3 a6 5. Qd2 b5 6. f3 Nd7 7. O-O-O Bb7 8. Kb1
Rc8 9. h4 h5 10. Nh3 c5 11. Ne2 Qc7 12. d5 Ngf6 13. Ng5 Nb6 14. Nf4 Rg8 15. Qf2
Na4 16. Bc1 c4 17. g3 Rb8 18. Qe3 Bc8 19. Rh2 b4 20. Rd4 Nb6 21. Rd1 Bd7 22.
Re2 b3 23. cxb3 cxb3 24. axb3 Bb5 25. Ree1 Bxf1 26. Rxf1 Nbd7 27. Rd3 Nc5 28.
Rc3 Nfd7 29. Rc2 Qa5 30. Bd2 Qb5 31. Rfc1 Qxb3 32. Qxb3 Rxb3 33. Bc3 Ne5 34.
Ka2 Rb5 35. Rd1 a5 36. Bd4 Ned7 37. Bxg7 Rxg7 38. Nd3 Kd8 39. f4 Nxd3 40. Rxd3
Nc5 41. Ra3 Kd7 42. e5 f6 43. e6+ Kd8 44. Nf3 Na6 45. Rd2 Kc7 46. Rc3+ Kb7 47.
Ka1 Rg8 48. Rc4 Nb4 49. Nd4 Rxd5 50. Nb3 Rxd2 51. Nxd2 d5 52. Rc3 Rd8 53. Nb3
d4 {Time.} 0-1

[Event "New West Summer op"]
[Site "New Westminster"]
[Date "2019.08.04"]
[Round "4.3"]
[White "Linnick, Mark"]
[Black "Hiebert, Kenji"]
[Result "0-1"]
[WhiteElo "1876"]
[BlackElo "2139"]
[PlyCount "116"]
[EventDate "2019.08.03"]
[EventType "swiss"]
[EventRounds "6"]
[EventCountry "CAN"]

1. b3 g6 2. Bb2 Nf6 3. c4 Bg7 4. g3 O-O 5. Bg2 c6 6. Nf3 d5 7. O-O Re8 8. d4
Bg4 9. Ne5 Be6 10. c5 Nbd7 11. f4 Nxe5 12. fxe5 Ng4 13. Bc1 Nxe5 14. Nc3 Nd7
15. e4 Nxc5 16. exd5 Bxd5 17. Nxd5 cxd5 18. dxc5 Bxa1 19. Qxd5 Bd4+ 20. Kh1
Qxd5 21. Bxd5 e6 22. Bxb7 Bxc5 23. Bxa8 Rxa8 24. Bb2 Rd8 25. Bf6 Re8 26. Rc1
Bb6 27. b4 e5 28. Kg2 h6 29. a4 g5 30. a5 Bd4 31. h4 gxh4 32. gxh4 Re6 33. Bd8
e4 34. b5 e3 35. b6 axb6 36. axb6 Bxb6 37. Bxb6 Rxb6 38. Kf3 Re6 39. Rg1+ Kh7
40. Ke2 f5 41. Rg2 f4 42. Kf3 e2 43. Rxe2 Rxe2 44. Kxe2 Kg6 45. Kf2 Kf5 46. h5
Kg4 47. Kg2 Kxh5 48. Kf3 Kg5 49. Kg2 Kg4 50. Kh2 Kf3 51. Kg1 Ke2 52. Kg2 f3+
53. Kg3 f2 54. Kg4 f1=Q 55. Kh5 Qg2 56. Kh4 Qg5+ 57. Kh3 Kf2 58. Kh2 Qg2# 0-1

[Event "New West Summer op"]
[Site "New Westminster"]
[Date "2019.08.04"]
[Round "4.4"]
[White "Wu, Howard"]
[Black "Zheng, Victor"]
[Result "1-0"]
[WhiteElo "2122"]
[BlackElo "1976"]
[PlyCount "77"]
[EventDate "2019.08.03"]
[EventType "swiss"]
[EventRounds "6"]
[EventCountry "CAN"]

1. e4 c5 2. Nf3 d6 3. d4 cxd4 4. Nxd4 Nf6 5. Nc3 a6 6. Bg5 e6 7. f4 Be7 8. Qf3
Qc7 9. O-O-O Nbd7 10. g4 h6 11. Bxf6 Nxf6 12. Kb1 g5 13. fxg5 hxg5 14. h4 Rxh4
15. Rxh4 gxh4 16. g5 Nh7 17. Qh5 Nxg5 18. Qh8+ Bf8 19. Qxh4 Qe7 20. e5 d5 21.
Nf5 Qd8 22. Qh8 exf5 23. Nxd5 Qa5 24. b4 Qxd5 25. Rxd5 Be6 26. Rd1 Ne4 27. Kb2
Bxa2 28. Bg2 Be6 29. Rd4 a5 30. Bxe4 fxe4 31. Rxe4 a4 32. Re3 O-O-O 33. Rc3+
Kb8 34. Qh4 Rd5 35. Rd3 a3+ 36. Kxa3 Ra5+ 37. Kb2 Ra2+ 38. Kb1 Ka7 39. Rd8 1-0

[Event "New West Summer op"]
[Site "New Westminster"]
[Date "2019.08.04"]
[Round "4.5"]
[White "Tian, Sherry"]
[Black "Ferguson, Peter"]
[Result "1/2-1/2"]
[WhiteElo "2050"]
[BlackElo "2004"]
[PlyCount "71"]
[EventDate "2019.08.03"]
[EventType "swiss"]
[EventRounds "6"]
[EventCountry "CAN"]

1. d4 f5 2. Nc3 g6 3. e4 fxe4 4. Nxe4 Bg7 5. Nf3 Nf6 6. Nxf6+ exf6 7. Bc4 d5 8.
Bb3 Nc6 9. O-O O-O 10. c3 Na5 11. h3 Nxb3 12. axb3 Re8 13. Bf4 g5 14. Bh2 Bf5
15. Qd2 Qd7 16. Ne1 Qb5 17. f4 Re2 18. Qd1 g4 19. Rf2 Rae8 20. Rxe2 Qxe2 21.
Qxe2 Rxe2 22. hxg4 Bxg4 23. b4 a6 24. Nd3 Bf5 25. Rd1 Bxd3 26. Rxd3 Rxb2 27. f5
c6 28. Bf4 Bf8 29. Rg3+ Kh8 30. Re3 Rc2 31. Re8 Kg7 32. Rb8 Rxc3 33. Rxb7+ Kg8
34. Rb8 Kf7 35. Rb7+ Kg8 36. Rb8 1/2-1/2

[Event "New West Summer op"]
[Site "New Westminster"]
[Date "2019.08.04"]
[Round "4.6"]
[White "Wu, Charles"]
[Black "Taylor, Tristan"]
[Result "1/2-1/2"]
[WhiteElo "1800"]
[BlackElo "2027"]
[PlyCount "114"]
[EventDate "2019.08.03"]
[EventType "swiss"]
[EventRounds "6"]
[EventCountry "CAN"]

1. d4 Nf6 2. Bf4 d5 3. e3 e6 4. Nd2 Be7 5. Ngf3 O-O 6. Bd3 b6 7. O-O Bb7 8. Ne5
Nbd7 9. c3 c5 10. Qe2 a6 11. e4 cxd4 12. cxd4 dxe4 13. Nxe4 Nd5 14. Bd2 N7f6
15. Rac1 Rc8 16. Nxf6+ Nxf6 17. Rxc8 Qxc8 18. Rc1 Qa8 19. f4 Rd8 20. Rc7 Bd6
21. Rc3 b5 22. a3 Qa7 23. Be3 Nd5 24. Bxh7+ Kf8 25. Qh5 Bxe5 26. Qxe5 Nxc3 27.
bxc3 Bd5 28. f5 Qb8 29. Qxb8 Rxb8 30. Bf4 Rc8 31. Bd6+ Ke8 32. Bc5 Be4 33. g4
g6 34. fxe6 fxe6 35. Bg8 Kd7 36. Bf7 Rxc5 37. dxc5 Ke7 38. Bg8 Bd5 39. h4 Kf8
40. c6 Kxg8 41. c7 Bb7 42. Kf2 Kf7 43. Ke3 e5 44. Kd3 Ke7 45. h5 gxh5 46. gxh5
Kf6 47. c4 Kg5 48. c5 Kxh5 49. c6 Bc8 50. Ke4 Kg6 51. Kxe5 Kf7 52. Kd5 Ke7 53.
Kc5 Ke6 54. a4 bxa4 55. Kb4 Kd6 56. Kxa4 Kxc6 57. Ka3 Kxc7 1/2-1/2

[Event "New West Summer op"]
[Site "New Westminster"]
[Date "2019.08.04"]
[Round "4.7"]
[White "Trochtchanovitch, Pavel"]
[Black "Yang, Brian"]
[Result "0-1"]
[WhiteElo "1924"]
[BlackElo "1831"]
[PlyCount "82"]
[EventDate "2019.08.03"]
[EventType "swiss"]
[EventRounds "6"]
[EventCountry "CAN"]

1. e4 c5 2. Nf3 e6 3. d4 cxd4 4. Nxd4 a6 5. Nc3 Qc7 6. g3 b5 7. a3 Bb7 8. Bg2
Nf6 9. O-O Bc5 10. Nb3 Be7 11. Bf4 d6 12. Qe2 Nbd7 13. Rad1 O-O 14. Rd2 Rac8
15. Rfd1 e5 16. Bg5 h6 17. Bxf6 Nxf6 18. Nc1 Nd7 19. Nd3 Nb6 20. Qg4 d5 21.
exd5 f5 22. Qh5 Bd6 23. Re2 Rce8 24. Rde1 e4 25. f3 Nxd5 26. fxe4 Nxc3 27. bxc3
fxe4 28. Bxe4 Rxe4 29. Rxe4 Bxg3 30. Rf1 Bxh2+ 31. Qxh2 Rxf1+ 32. Kxf1 Qxh2 33.
Re8+ Kh7 34. Re2 Qg3 35. Rf2 Bf3 36. Ke1 h5 37. Kd2 Be4 38. Re2 Bxd3 39. cxd3
h4 40. Re3 Qg2+ 41. Re2 h3 0-1

[Event "New West Summer op"]
[Site "New Westminster"]
[Date "2019.08.04"]
[Round "4.8"]
[White "Gibbard, Alina Iuliana"]
[Black "Doknjas, Neil"]
[Result "0-1"]
[WhiteElo "2077"]
[BlackElo "2102"]
[PlyCount "60"]
[EventDate "2019.08.03"]
[EventType "swiss"]
[EventRounds "6"]
[EventCountry "CAN"]

1. g3 d5 2. Bg2 Nf6 3. Nf3 e6 4. O-O Be7 5. d4 O-O 6. Nbd2 c5 7. c3 b6 8. Ne5
Bb7 9. f4 Nbd7 10. e3 Ne4 11. Ndf3 Nxe5 12. Nxe5 f6 13. Nd3 Ba6 14. Bh3 f5 15.
Bg2 h5 16. Bf3 g6 17. Kg2 Kg7 18. h4 Rc8 19. Rh1 Bxd3 20. Qxd3 c4 21. Qd1 b5
22. a4 b4 23. Bxe4 dxe4 24. cxb4 Bxb4 25. Bd2 Qa5 26. Bxb4 Qxb4 27. Qc2 Rf7 28.
Rhc1 Rb7 29. Rab1 Rcb8 30. Qxc4 Qd2+ 0-1

[Event "New West Summer op"]
[Site "New Westminster"]
[Date "2019.08.04"]
[Round "4.9"]
[White "Huang, Ryan"]
[Black "Gu, Chuyang"]
[Result "1-0"]
[WhiteElo "1933"]
[BlackElo "1879"]
[PlyCount "87"]
[EventDate "2019.08.03"]
[EventType "swiss"]
[EventRounds "6"]
[EventCountry "CAN"]

1. d4 Nf6 2. c4 e6 3. Nc3 Bb4 4. e3 O-O 5. Nge2 d5 6. a3 Be7 7. Nf4 c6 8. cxd5
exd5 9. Bd3 Bd6 10. O-O Qc7 11. h3 Re8 12. Qc2 Be6 13. b4 Nbd7 14. Bd2 Rac8 15.
Rfc1 Qb8 16. Na4 b6 17. Rab1 Rc7 18. Nxe6 Rxe6 19. Bf5 Re7 20. Nb2 g6 21. Bd3
Qc8 22. Bf1 c5 23. bxc5 bxc5 24. Ba5 Nb6 25. dxc5 Rxc5 26. Qd1 Rec7 27. Rxc5
Bxc5 28. Qb3 Rc6 29. Bb5 Rd6 30. Nd3 a6 31. Bxa6 Qxa6 32. Nxc5 Qxa5 33. Nb7 Qd2
34. Nxd6 Nbd7 35. Qb2 Qd3 36. Nb5 Kg7 37. Rc1 Nb6 38. Rc6 Nbd7 39. Nd4 Ne5 40.
Ne6+ fxe6 41. Qxe5 Qd1+ 42. Kh2 Qf1 43. Rc7+ Kh6 44. Qxf6 1-0

[Event "New West Summer op"]
[Site "New Westminster"]
[Date "2019.08.05"]
[Round "5.1"]
[White "Amerkeshev, Madiyar"]
[Black "Pechisker, Alfred"]
[Result "1-0"]
[WhiteElo "1944"]
[BlackElo "2210"]
[PlyCount "71"]
[EventDate "2019.08.03"]
[EventType "swiss"]
[EventRounds "6"]
[EventCountry "CAN"]

1. b3 d5 2. Bb2 c5 3. e3 Nc6 4. Bb5 Nf6 5. Nf3 Bd7 6. O-O e6 7. d3 Be7 8. Nbd2
O-O 9. Bxc6 Bxc6 10. Ne5 Be8 11. f4 Nd7 12. Qg4 Nxe5 13. fxe5 Rc8 14. Rad1 b5
15. c4 Bc6 16. Rf3 dxc4 17. Rg3 g6 18. dxc4 Qd3 19. cxb5 Qc2 20. bxc6 Qxb2 21.
Nc4 Qxa2 22. Qe4 Rfd8 23. Rxd8+ Rxd8 24. Rf3 Qa6 25. Rf1 Qc8 26. Qf3 Rf8 27.
Rd1 f5 28. exf6 Rxf6 29. Qe4 Bd8 30. Nd6 Qb8 31. Ne8 Rf5 32. Qxe6+ Kf8 33. Nd6
Rf6 34. Qe8+ Kg7 35. Qd7+ Kf8 36. Ne4 1-0

[Event "New West Summer op"]
[Site "New Westminster"]
[Date "2019.08.05"]
[Round "5.2"]
[White "McLaren, Brian"]
[Black "Hiebert, Kenji"]
[Result "1-0"]
[WhiteElo "2170"]
[BlackElo "2139"]
[PlyCount "87"]
[EventDate "2019.08.03"]
[EventType "swiss"]
[EventRounds "6"]
[EventCountry "CAN"]

1. g3 d5 2. Bg2 Nf6 3. Nf3 e6 4. d3 Be7 5. Nbd2 O-O 6. O-O c5 7. e4 Nc6 8. Qe2
b5 9. e5 Nd7 10. Re1 Qc7 11. Nf1 Bb7 12. Bf4 Rfc8 13. h4 a5 14. N1h2 Bf8 15. c3
a4 16. Rac1 c4 17. a3 Nc5 18. d4 Nd3 19. Rcd1 Nxe1 20. Rxe1 Qb6 21. Bh3 b4 22.
axb4 a3 23. bxa3 Rxa3 24. Bd2 Rca8 25. h5 h6 26. g4 Ba6 27. g5 Nxb4 28. gxh6
gxh6 29. Ng4 Nd3 30. Rf1 Ra2 31. Qe3 Qd8 32. Kh2 Bg7 33. Nxh6+ Kf8 34. Rg1 Bb5
35. Nxf7 Kxf7 36. Ng5+ Ke8 37. Nxe6 Qh4 38. Nxg7+ Kd8 39. Rg2 Rb2 40. Qh6 Kc7
41. Ne6+ Kb7 42. Be3 Raa2 43. Rg7+ Kb6 44. Nd8+ 1-0

[Event "New West Summer op"]
[Site "New Westminster"]
[Date "2019.08.05"]
[Round "5.3"]
[White "Chung, Alec"]
[Black "Wu, Howard"]
[Result "0-1"]
[WhiteElo "1808"]
[BlackElo "2122"]
[PlyCount "86"]
[EventDate "2019.08.03"]
[EventType "swiss"]
[EventRounds "6"]
[EventCountry "CAN"]

1. c4 Nf6 2. Nc3 g6 3. e4 d6 4. g3 Bg7 5. Bg2 O-O 6. Nge2 c5 7. d3 Nc6 8. h3 a6
9. Be3 Rb8 10. a4 Nd7 11. O-O Nd4 12. f4 e6 13. Rb1 b6 14. Qd2 Bb7 15. b4 f5
16. Kh2 Qc7 17. Bg1 Ba8 18. Be3 Rfd8 19. b5 a5 20. Bg1 Rf8 21. Be3 Rbd8 22.
Rbe1 Bb7 23. Rd1 Nxe2 24. Nxe2 d5 25. Qc2 d4 26. Bc1 fxe4 27. dxe4 e5 28. Qd3
Rde8 29. Rde1 exf4 30. Bxf4 Be5 31. Bh6 Bg7 32. Bf4 Qd8 33. h4 Ne5 34. Bxe5
Bxe5 35. Kg1 Bc8 36. Rxf8+ Rxf8 37. Rf1 Rxf1+ 38. Bxf1 Qf6 39. Bg2 Bg4 40. Nc3
dxc3 41. Qd5+ Be6 42. Qa8+ Kg7 43. Qb7+ Bf7 0-1

[Event "New West Summer op"]
[Site "New Westminster"]
[Date "2019.08.05"]
[Round "5.4"]
[White "Yang, Brian"]
[Black "Huang, Ryan"]
[Result "1/2-1/2"]
[WhiteElo "1831"]
[BlackElo "1933"]
[PlyCount "65"]
[EventDate "2019.08.03"]
[EventType "swiss"]
[EventRounds "6"]
[EventCountry "CAN"]

1. e4 c5 2. Nf3 Nc6 3. d4 cxd4 4. Nxd4 g6 5. c4 Bg7 6. Be3 Nf6 7. Nc3 d6 8. Be2
O-O 9. O-O Bd7 10. Qd2 Nxd4 11. Bxd4 Qa5 12. f3 Bc6 13. a3 Nd7 14. b4 Bxd4+ 15.
Qxd4 Qb6 16. Qxb6 Nxb6 17. Nd5 Bxd5 18. cxd5 Rfc8 19. Rfc1 Rxc1+ 20. Rxc1 Rc8
21. Rxc8+ Nxc8 22. Kf2 Nb6 23. Ke3 g5 24. Kd4 f6 25. g3 h5 26. h4 Kf7 27. f4
Kg6 28. Bb5 Kf7 29. Be2 Kg6 30. Bd1 Kh6 31. Be2 Kg6 32. Bb5 Kf7 33. Be2 1/2-1/2

[Event "New West Summer op"]
[Site "New Westminster"]
[Date "2019.08.05"]
[Round "5.5"]
[White "Doknjas, Neil"]
[Black "Wu, Charles"]
[Result "1-0"]
[WhiteElo "2102"]
[BlackElo "1800"]
[PlyCount "119"]
[EventDate "2019.08.03"]
[EventType "swiss"]
[EventRounds "6"]
[EventCountry "CAN"]

1. e4 d5 2. exd5 Qxd5 3. Nc3 Qd6 4. d4 c6 5. Be3 Nf6 6. Qd2 Bf5 7. Nf3 e6 8.
Ne5 Nbd7 9. Nc4 Qc7 10. Bf4 Qd8 11. Nd6+ Bxd6 12. Bxd6 Nb6 13. Ba3 Qc7 14. Be2
O-O-O 15. b4 e5 16. Qg5 Bxc2 17. dxe5 Nfd5 18. Nxd5 Rxd5 19. Qxg7 Qxe5 20. Qxe5
Rxe5 21. Bb2 Rxe2+ 22. Kxe2 Re8+ 23. Kd2 Bg6 24. Rhe1 Rd8+ 25. Ke2 Nc4 26. Bc3
Be4 27. f3 Bd5 28. a4 Nd6 29. Kf2 Rg8 30. Be5 Nc4 31. b5 Na5 32. Bf4 Nb3 33.
Rad1 Nc5 34. Re7 Nd7 35. bxc6 bxc6 36. Rc1 Kd8 37. Re2 Re8 38. Bc7+ Kxc7 39.
Rxe8 a5 40. Rh8 Bb3 41. Rxh7 Ne5 42. Ke3 Nc4+ 43. Rxc4 Bxc4 44. Kd4 Bd5 45. Kc5
Bb3 46. Rh6 Bxa4 47. Rf6 Bb3 48. Rxc6+ Kd7 49. Ra6 a4 50. Kd4 Kc7 51. Kc5 Kd7
52. h4 Ke7 53. f4 f6 54. g4 Kf7 55. g5 Kg6 56. Rxf6+ Kh5 57. Rh6+ Kg4 58. Kb4
Kxf4 59. g6 Kf5 60. g7 1-0

[Event "New West Summer op"]
[Site "New Westminster"]
[Date "2019.08.05"]
[Round "5.6"]
[White "Taylor, Tristan"]
[Black "Tian, Sherry"]
[Result "1/2-1/2"]
[WhiteElo "2027"]
[BlackElo "2050"]
[PlyCount "111"]
[EventDate "2019.08.03"]
[EventType "swiss"]
[EventRounds "6"]
[EventCountry "CAN"]

1. Nf3 d5 2. c4 e6 3. d4 Nf6 4. g3 Be7 5. Bg2 O-O 6. O-O c6 7. Nbd2 b6 8. b3
Nbd7 9. Bb2 Ba6 10. Re1 Rc8 11. e4 dxe4 12. Ng5 c5 13. Ngxe4 cxd4 14. Bxd4 Nc5
15. Nxf6+ Bxf6 16. Bxf6 Qxf6 17. Ne4 Nxe4 18. Bxe4 Rfd8 19. Qe2 g6 20. Rad1 Qc3
21. h4 b5 22. cxb5 Bxb5 23. Qxb5 Rd2 24. Rxd2 Qxd2 25. Qe2 Qb4 26. Rd1 a5 27.
Bd3 a4 28. Bc4 axb3 29. axb3 Qb6 30. Rd7 Rc5 31. Qd2 Rc8 32. h5 Ra8 33. Qf4
Ra1+ 34. Kh2 Rh1+ 35. Kxh1 Qc6+ 36. Kh2 Qxd7 37. h6 Qd8 38. b4 Qb6 39. b5 Kf8
40. Bf1 Qc5 41. Kg1 g5 42. Qf6 Ke8 43. Qh8+ Ke7 44. Qxh7 e5 45. Qf5 Qd4 46. h7
e4 47. Qxg5+ Kd7 48. Qe3 Qe5 49. h8=Q Qxh8 50. Qxe4 f5 51. Qxf5+ Kc7 52. Qc5+
Kb8 53. Qb6+ Kc8 54. Qa6+ Kb8 55. b6 Qh2+ 56. Kxh2 1/2-1/2

[Event "New West Summer op"]
[Site "New Westminster"]
[Date "2019.08.05"]
[Round "5.7"]
[White "Ferguson, Peter"]
[Black "Erichsen, Dan"]
[Result "0-1"]
[WhiteElo "2004"]
[BlackElo "2036"]
[PlyCount "54"]
[EventDate "2019.08.03"]
[EventType "swiss"]
[EventRounds "6"]
[EventCountry "CAN"]

1. e4 e5 2. Nf3 Nc6 3. Bc4 Nf6 4. Ng5 d5 5. exd5 Na5 6. Bb5+ c6 7. dxc6 bxc6 8.
Be2 h6 9. Nh3 Bd6 10. d3 O-O 11. O-O Qc7 12. Nc3 Nd5 13. Ne4 Be7 14. c4 Nf4 15.
Nxf4 exf4 16. d4 Rd8 17. d5 Qe5 18. Qa4 Qxe4 19. Bf3 Qxc4 20. Qxa5 cxd5 21. b3
Qa6 22. Qxa6 Bxa6 23. Rd1 Bf6 24. Rb1 Rac8 25. Rxd5 Rxd5 26. Bxd5 Bd3 27. Bb7
Re8 0-1

[Event "New West Summer op"]
[Site "New Westminster"]
[Date "2019.08.05"]
[Round "5.8"]
[White "Zheng, Victor"]
[Black "Linnick, Mark"]
[Result "1-0"]
[WhiteElo "1976"]
[BlackElo "1876"]
[PlyCount "107"]
[EventDate "2019.08.03"]
[EventType "swiss"]
[EventRounds "6"]
[EventCountry "CAN"]

1. Nf3 d5 2. g3 Bf5 3. Bg2 e6 4. O-O c6 5. d4 Nf6 6. c4 Nbd7 7. b3 Be7 8. Bb2
O-O 9. Nc3 h6 10. Nd2 Re8 11. e4 dxe4 12. Ncxe4 Nxe4 13. Nxe4 Nf6 14. Qe2 Nxe4
15. Bxe4 Bxe4 16. Qxe4 Bf6 17. Rad1 Qc7 18. Rd3 Rad8 19. Rfd1 Re7 20. Kg2 Qa5
21. Bc3 Qa3 22. Qe2 Red7 23. h4 b5 24. Qd2 c5 25. cxb5 cxd4 26. Bb4 Qxb4 27.
Qxb4 e5 28. f3 g5 29. hxg5 hxg5 30. Qe1 g4 31. fxg4 Rb8 32. a4 a6 33. bxa6 Ra7
34. g5 Bg7 35. Qe4 Rxa6 36. Rc1 Rg6 37. Qf5 Re6 38. Rc7 Rf8 39. Qe4 Rg6 40. Rf3
Re6 41. Rc6 Re7 42. a5 Ra8 43. a6 Rea7 44. Kh3 Rxa6 45. Rxa6 Rxa6 46. Qb7 Rg6
47. Qxf7+ Kh7 48. Qf5 e4 49. Qxe4 d3 50. Rxd3 Bh6 51. Rd7+ Bg7 52. g4 Kh8 53.
Qxg6 Bh6 54. Qh7# 1-0

[Event "New West Summer op"]
[Site "New Westminster"]
[Date "2019.08.05"]
[Round "5.9"]
[White "Co, Gilbert Roland"]
[Black "Trochtchanovitch, Pavel"]
[Result "0-1"]
[WhiteElo "2065"]
[BlackElo "1924"]
[PlyCount "84"]
[EventDate "2019.08.03"]
[EventType "swiss"]
[EventRounds "6"]
[EventCountry "CAN"]

1. d4 d5 2. c4 e6 3. Nc3 Nf6 4. Nf3 Be7 5. e3 Nbd7 6. Be2 b6 7. O-O Bb7 8. a4
a5 9. Qc2 O-O 10. b3 Ne4 11. cxd5 Nxc3 12. Qxc3 Bxd5 13. Ba3 Bxa3 14. Rxa3 c5
15. Ne5 Nxe5 16. dxe5 Qc7 17. f3 Rad8 18. Raa1 Rd7 19. Bb5 Bc6 20. Be2 Rd5 21.
f4 Rfd8 22. Rad1 g6 23. Rxd5 Rxd5 24. Rd1 Rxd1+ 25. Bxd1 Qd7 26. Be2 h5 27. Kf2
Qd8 28. Kg1 Qa8 29. Bf1 Be4 30. g3 Qd5 31. Qc4 Kg7 32. Qxd5 exd5 33. Bg2 Kf8
34. Bxe4 dxe4 35. Kf2 Ke7 36. g4 hxg4 37. Kg3 b5 38. axb5 c4 39. bxc4 a4 40. c5
Kd7 41. c6+ Kc7 42. Kxg4 a3 0-1

[Event "New West Summer op"]
[Site "New Westminster"]
[Date "2019.08.05"]
[Round "5.10"]
[White "Gu, Chuyang"]
[Black "Gibbard, Alina Iuliana"]
[Result "1/2-1/2"]
[WhiteElo "1879"]
[BlackElo "2077"]
[PlyCount "91"]
[EventDate "2019.08.03"]
[EventType "swiss"]
[EventRounds "6"]
[EventCountry "CAN"]

1. e4 g6 2. d4 Bg7 3. Nc3 c5 4. Nf3 cxd4 5. Nxd4 Nc6 6. Be3 Nf6 7. Bc4 O-O 8.
f3 a6 9. Qd2 Re8 10. O-O-O Na5 11. Bb3 d6 12. g4 b5 13. h4 b4 14. Nd5 e5 15.
Ne2 Nxb3+ 16. cxb3 Nxd5 17. Qxd5 Be6 18. Qd2 Qa5 19. Kb1 d5 20. Ng3 Red8 21.
Qh2 dxe4 22. Nxe4 Rxd1+ 23. Rxd1 Rd8 24. Qg1 Bd5 25. h5 Bxe4+ 26. fxe4 Rxd1+
27. Qxd1 Qc7 28. hxg6 hxg6 29. Qd2 a5 30. Qd5 Qc8 31. Qxa5 Qxg4 32. Qxb4 Qd1+
33. Bc1 Qd3+ 34. Ka1 Qc2 35. Qc4 Qd1 36. a4 Bh6 37. Kb1 Bxc1 38. Qxc1 Qxb3 39.
Qc2 Qb4 40. b3 Kg7 41. Kb2 g5 42. Qg2 f6 43. Ka2 Kg6 44. Qg4 Qd2+ 45. Ka3 Qd6+
46. Ka2 1/2-1/2

[Event "New West Summer op"]
[Site "New Westminster"]
[Date "2019.08.05"]
[Round "6.1"]
[White "McLaren, Brian"]
[Black "Amerkeshev, Madiyar"]
[Result "1/2-1/2"]
[WhiteElo "2170"]
[BlackElo "1944"]
[PlyCount "99"]
[EventDate "2019.08.03"]
[EventType "swiss"]
[EventRounds "6"]
[EventCountry "CAN"]

1. e4 g6 2. d4 d6 3. Nc3 Bg7 4. Be3 a6 5. a4 b6 6. Bc4 Bb7 7. f3 Nd7 8. Nge2 e6
9. Qd2 h6 10. O-O Ngf6 11. Rae1 Kf8 12. Nf4 Kg8 13. Bf2 Qe7 14. Kh1 Kh7 15. Nh3
e5 16. f4 c6 17. fxe5 dxe5 18. d5 cxd5 19. Nxd5 Nxd5 20. Bxd5 Bxd5 21. Qxd5
Rhd8 22. Qb3 Kg8 23. Be3 Nc5 24. Bxc5 bxc5 25. Re2 Rab8 26. Qc3 Rb6 27. Ref2
Rf6 28. Kg1 Rd4 29. b3 Rxf2 30. Nxf2 Bf8 31. Qf3 c4 32. c3 Rd2 33. b4 h5 34.
Rd1 Qd7 35. Kf1 a5 36. bxa5 Bc5 37. Rxd2 Qxd2 38. Nd1 Qc2 39. Qe2 Qxa4 40. Qd2
Qxa5 41. Qd5 Qa4 42. Ke1 Bf8 43. Qxe5 Qc2 44. Ne3 Qc1+ 45. Ke2 Bg7 46. Qe8+ Bf8
47. Qe5 Bg7 48. Qe8+ Bf8 49. Qe5 Bg7 50. Qe8+ 1/2-1/2

[Event "New West Summer op"]
[Site "New Westminster"]
[Date "2019.08.05"]
[Round "6.2"]
[White "Pechisker, Alfred"]
[Black "Wu, Howard"]
[Result "1-0"]
[WhiteElo "2210"]
[BlackElo "2122"]
[PlyCount "107"]
[EventDate "2019.08.03"]
[EventType "swiss"]
[EventRounds "6"]
[EventCountry "CAN"]

1. d4 Nf6 2. c4 g6 3. Nc3 Bg7 4. e4 d6 5. f3 O-O 6. Bg5 c5 7. d5 a6 8. Qd2 Nbd7
9. Nh3 Qa5 10. Nf2 Rb8 11. a4 Re8 12. Be2 Ne5 13. O-O Qb4 14. Ncd1 Qxd2 15.
Bxd2 e6 16. a5 exd5 17. cxd5 Bd7 18. Ra2 h5 19. Nc3 Nh7 20. h3 f5 21. f4 Nf7
22. Bf3 h4 23. Rb1 Bd4 24. Re1 Nf6 25. exf5 Rxe1+ 26. Bxe1 Re8 27. Kf1 Bxf5 28.
Ra3 g5 29. Rb3 Re7 30. Ne2 Be3 31. Bc3 Nh7 32. fxg5 Nfxg5 33. Bg4 Bc2 34. Rb6
Rf7 35. Be1 c4 36. Rxd6 Ne4 37. Rd8+ Kg7 38. Rd7 Rxd7 39. Bxd7 Ng3+ 40. Nxg3
hxg3 41. Bc3+ Kf7 42. Ng4 Bc5 43. Bc8 Bd3+ 44. Ke1 Ng5 45. Ne5+ Ke7 46. Nxd3
cxd3 47. Bxb7 Nf3+ 48. Kd1 Kd6 49. Bxa6 Nh4 50. Be1 Bf2 51. Bxf2 gxf2 52. Bxd3
Nxg2 53. Bf1 Nf4 54. a6 1-0

[Event "New West Summer op"]
[Site "New Westminster"]
[Date "2019.08.05"]
[Round "6.3"]
[White "Yang, Brian"]
[Black "Doknjas, Neil"]
[Result "1/2-1/2"]
[WhiteElo "1831"]
[BlackElo "2102"]
[PlyCount "83"]
[EventDate "2019.08.03"]
[EventType "swiss"]
[EventRounds "6"]
[EventCountry "CAN"]

1. e4 c5 2. Nf3 d6 3. d4 cxd4 4. Nxd4 Nf6 5. Nc3 a6 6. Be3 e5 7. Nb3 Be6 8. f3
h5 9. Nd5 Bxd5 10. exd5 Nbd7 11. Qd2 b6 12. Be2 Be7 13. O-O g6 14. Rac1 O-O 15.
c4 Nc5 16. Na1 Nh7 17. b4 Nd7 18. Nb3 a5 19. bxa5 bxa5 20. a4 Re8 21. Rfd1 Bg5
22. Bxg5 Nxg5 23. Qe3 f5 24. c5 f4 25. Qd3 e4 26. fxe4 Ne5 27. Qc2 f3 28. Bxf3
Nexf3+ 29. gxf3 Nxf3+ 30. Kh1 Qh4 31. Rf1 Ng5 32. e5 Rxe5 33. Qxg6+ Kh8 34. Rg1
Rg8 35. Qh6+ Nh7 36. Rxg8+ Kxg8 37. Rg1+ Ng5 38. Nd2 Re1 39. Qg6+ Kh8 40. Qh6+
Kg8 41. Qg6+ Kh8 42. Qh6+ 1/2-1/2

[Event "New West Summer op"]
[Site "New Westminster"]
[Date "2019.08.05"]
[Round "6.4"]
[White "Hiebert, Kenji"]
[Black "Erichsen, Dan"]
[Result "0-1"]
[WhiteElo "2139"]
[BlackElo "2036"]
[PlyCount "34"]
[EventDate "2019.08.03"]
[EventType "swiss"]
[EventRounds "6"]
[EventCountry "CAN"]

1. Nf3 d5 2. d4 e6 3. c4 c6 4. Nc3 dxc4 5. e3 b5 6. a4 Bb4 7. Bd2 a5 8. axb5
Bxc3 9. Bxc3 cxb5 10. b3 Bb7 11. bxc4 b4 12. Bb2 Nf6 13. Bd3 O-O 14. O-O Nbd7
15. Nd2 Qc7 16. f4 a4 17. Rxa4 Qc6 0-1

[Event "New West Summer op"]
[Site "New Westminster"]
[Date "2019.08.05"]
[Round "6.5"]
[White "Tian, Sherry"]
[Black "Chung, Alec"]
[Result "1-0"]
[WhiteElo "2050"]
[BlackElo "1808"]
[PlyCount "65"]
[EventDate "2019.08.03"]
[EventType "swiss"]
[EventRounds "6"]
[EventCountry "CAN"]

1. d4 Nf6 2. c4 g6 3. Nc3 d5 4. cxd5 Nxd5 5. Bd2 Bg7 6. e4 Nxc3 7. Bxc3 O-O 8.
Qd2 Nd7 9. Nf3 b6 10. Bd3 Bb7 11. O-O e6 12. Rad1 Qe7 13. Rfe1 Rfd8 14. Qe3 a5
15. Rd2 e5 16. d5 Nc5 17. Bb1 Na4 18. Rc2 Nxc3 19. Rxc3 Rd7 20. Bc2 Qf8 21. Ba4
Bh6 22. Qd3 Ba6 23. Bb5 Bxb5 24. Qxb5 Re7 25. Re2 f5 26. exf5 Qxf5 27. d6 Rf7
28. Rxe5 Qd7 29. Qd5 Raf8 30. Rxc7 Qd8 31. Rxf7 Rxf7 32. Re7 Qf8 33. Ne5 1-0

[Event "New West Summer op"]
[Site "New Westminster"]
[Date "2019.08.05"]
[Round "6.6"]
[White "Huang, Ryan"]
[Black "Taylor, Tristan"]
[Result "0-1"]
[WhiteElo "1933"]
[BlackElo "2027"]
[PlyCount "46"]
[EventDate "2019.08.03"]
[EventType "swiss"]
[EventRounds "6"]
[EventCountry "CAN"]

1. d4 Nf6 2. c4 e6 3. Nc3 Bb4 4. e3 d5 5. Nge2 dxc4 6. Qa4+ Nc6 7. a3 Bxc3+ 8.
Nxc3 O-O 9. Bxc4 Bd7 10. Qc2 Ne7 11. O-O Bc6 12. b4 b6 13. b5 Bb7 14. a4 Ng6
15. a5 e5 16. Ba3 Re8 17. Qb3 Qd7 18. a6 Bxg2 19. Kxg2 Qg4+ 20. Kh1 Qf3+ 21.
Kg1 Nh4 22. Bxf7+ Kh8 23. Bd5 e4 0-1